000 00953cam a22003013a 4500
001 1106
003 PGUSA
005 20140828082957.0
008 971101s1997||||xxu|||||s|||||000 | eng d
040 _aPGUSA
_beng
042 _adc
050 4 _aPR
100 1 _aShakespeare, William,
_d1564-1616
245 1 4 _aThe Tragedy of Titus Andronicus
_h[electronic resource] /
_cWilliam Shakespeare
260 _bProject Gutenberg,
_c1997
500 _aWorld Library
506 _aCopyrighted. Read the copyright notice inside this book for details.
516 _aElectronic text
653 _aHistorical drama
653 _aAndronicus, Titus (Legendary character) -- Drama
653 _aRome -- History -- Germanic invasions, 3rd-6th centuries -- Drama
653 _aGenerals -- Drama
653 _aTragedies
653 _aGoths -- Drama
830 0 _aProject Gutenberg
_v1106
856 4 0 _uhttp://www.gutenberg.org/ebooks/1106
942 _cEB
999 _c230454
_d230454